| 000 | 00952cam a2200277 a 4500 | ||
|---|---|---|---|
| 999 |
_c6672 _d6672 |
||
| 001 | 1188661 | ||
| 003 | GBCCL | ||
| 005 | 20241126110608.0 | ||
| 008 | 970520s1996 tnu d 000 0 eng | ||
| 010 | _a 97153185 | ||
| 020 | _a0840775598 | ||
| 040 |
_aDLC _cDLC _dDLC |
||
| 050 | 0 | 0 |
_aBS440 _b.V746 1996a |
| 082 | 0 | 0 |
_a220.3 _221 _bVIN |
| 100 | 1 |
_aVine, W. E. _q(William Edwy), _d1873-1949. _95890 |
|
| 240 | 1 | 0 | _aComplete expository dictionary of Old and New Testament words |
| 245 | 1 | 0 |
_aVine's complete expository dictionary of Old and New Testament words / _bW.E. Vine ; [edited by] Merrill F. Unger, William White, Jr. |
| 260 |
_aNashville : _bT. Nelson, _cc1985. |
||
| 300 |
_axviii, 755 p. ; _c25 cm. |
||
| 500 | _a"Keyed to Strong's reference numbers." | ||
| 630 | 0 | 0 |
_aBible _xDictionaries. _9510 |
| 700 | 1 |
_aUnger, Merrill F. _96910 |
|
| 906 |
_a7 _bcbc _corignew _d2 _encip _f19 _gy-gencatlg |
||
| 942 |
_2ddc _cREF |
||